Donna e lavoro (Record n. 215155)

Dettagli MARC
000 -LEADER
fixed length control field 00812nam a2200217Ia 4500
001 - CONTROL NUMBER
control field b2325-22551 [1051]
003 - CONTROL NUMBER IDENTIFIER
control field IT-MiCISF
008 - FIXED-LENGTH DATA ELEMENTS--GENERAL INFORMATION
fixed length control field 161014s9999||||xx |||||||||||||| ||und||
040 ## - CATALOGING SOURCE
Original cataloging agency IT-MiCISF
Transcribing agency IT-MiCISF
041 ## - LANGUAGE CODE
Language code of text/sound track or separate title it
999 ## - SYSTEM CONTROL NUMBERS (KOHA)
Koha Dewey Subclass [OBSOLETE] si
100 ## - MAIN ENTRY--PERSONAL NAME
Personal name Chiaia Maria
245 #0 - TITLE STATEMENT
Title Donna e lavoro
Remainder of title Una sfida per il 2000 aspetti e prospettive italiane e europee
250 ## - EDITION STATEMENT
Edition statement 1a ed.
260 ## - PUBLICATION, DISTRIBUTION, ETC. (IMPRINT)
Place of publication, distribution, etc. Roma
Name of publisher, distributor, etc. Centro italiano femminile
Date of publication, distribution, etc. 1988
300 ## - PHYSICAL DESCRIPTION
Extent p. 333
500 ## - GENERAL NOTE
General note Detragiache A., Calvaruso C., Angelini G., Totaro F., Cassanmagnago M.L., Toja P., Borgogelli F., Gaiotti P., Manoukian F., Plebani E., Battistoni L., Fontana P., Balestra E., Bosco Lucarelli M.R. / donna, lavoro, qualità-della-vita, lavoro-domestico /
650 ## - SUBJECT ADDED ENTRY--TOPICAL TERM
Topical term or geographic name as entry element donna
700 ## - ADDED ENTRY--PERSONAL NAME
Personal name AA.VV.
942 ## - ADDED ENTRY ELEMENTS (KOHA)
Koha item type LIBRO
957 ## -
-- 1
999 ## - SYSTEM CONTROL NUMBERS (KOHA)
-- 1
Dati di copia
Withdrawn status Lost status Damaged status Not for loan Home library Current library Date acquired Total Checkouts Full call number Date last seen Price effective from Koha item type Public note
    Buone Condizioni Not For Loan CISF - Milano CISF - Milano 14/10/2016   b2325-22551 [1051] 14/10/2016 14/10/2016 LIBRO Data import 15.10.2016 / by Epidotti, Vaglietti
CREDITS: SOCIETA' SAN PAOLO Via A.Severo, 58 - ROMA (RM) & PERIODICI SAN PAOLO SRL Via Giotto, 36 MILANO & CISF Via Giotto, 36 MILANO & EDIZIONI SAN PAOLO SRL,  Piazza Soncino, 5 CINISELLO BALSAMO (MI) -- ITALY